| 000 | 00777nas a2200265 4500 | ||
|---|---|---|---|
| 001 | BR7700903 | ||
| 003 | BR-BrBNA | ||
| 005 | 20231205083100.0 | ||
| 007 | ta | ||
| 008 | 230509b bl.|||p| |||| 00| 00por d | ||
| 040 |
_aBR-BrBNA _bpor _cBiblioteca Nacional de Agricultura |
||
| 041 | _a(Pt) | ||
| 072 | _aF30 | ||
| 100 | 1 | _aKrutman, S. | |
| 100 | 1 | _aBraga, E.R. | |
| 245 | 1 | _aSacarose em variedades de cana para periodos de moagem, topografias e areas de Pernambuco [Brasil] | |
| 650 | _aCANA DE ACUCAR | ||
| 650 | _aACUCAR | ||
| 650 | _aVARIEDADE | ||
| 650 | _aMOAGEM | ||
| 650 | _aPERNAMBUCO | ||
| 773 | 0 |
_tBrasil Acucareiro (Brazil) _xISSN 0006-9167 _g(Mar 1977), v. 89(3) p. 32-47 _wBR7700903 |
|
| 909 |
_a202311 _bLúcia _c55 _dLúcia Elande |
||
| 942 |
_2AGRIS _n0 _cANA |
||
| 999 |
_c96279 _d96279 |
||